000 00384nam a22001697a 4500
005 20160627120426.0
008 160627b xxu||||| |||| 00| 0 eng d
020 _a0-07-049959-4
041 _aeng
082 _b10300
100 _aKhandwalla, Pradip N
_92722
245 _aLife long Creativity
260 _bTMH
_c2004
300 _a392
650 _aManagement
_9241
942 _cBK
999 _c4241
_d4240